Petroleum refining technology and economics / (Record no. 2173)

MARC details
000 -LEADER
fixed length control field 00852nac a22002171u 4500
010 ## - LIBRARY OF CONGRESS CONTROL NUMBER
LC control number 2001028067
020 ## - INTERNATIONAL STANDARD BOOK NUMBER
International Standard Book Number 0824704827 (alk. paper)
082 00 - DEWEY DECIMAL CLASSIFICATION NUMBER
Classification number 665.538
Item number G1996
090 ## - LOCALLY ASSIGNED LC-TYPE CALL NUMBER (OCLC); LOCAL CALL NUMBER (OCLC)
-- 2173
-- 2173
100 ## - MAIN ENTRY--PERSONAL NAME
Personal name Gary, James H.,
245 10 - TITLE STATEMENT
Title Petroleum refining technology and economics /
Statement of responsibility, etc James H. Gary, Glenn E. Handwerk.
250 ## - EDITION STATEMENT
Edition statement 4th ed.
260 ## - PUBLICATION, DISTRIBUTION, ETC. (IMPRINT)
Place of publication, distribution, etc New York :
Name of publisher, distributor, etc M. Dekker,2001
Date of publication, distribution, etc 2001.
300 ## - PHYSICAL DESCRIPTION
Extent xii, 441 p. :
Other physical details ill. ;
Dimensions 24 cm.
504 ## - BIBLIOGRAPHY, ETC. NOTE
Bibliography, etc Includes bibliographical references and indexes.
650 #0 - SUBJECT ADDED ENTRY--TOPICAL TERM
Topical term or geographic name as entry element Petroleum
General subdivision Refining.
700 1# - ADDED ENTRY--PERSONAL NAME
Personal name Handwerk, Glenn E.
856 42 - ELECTRONIC LOCATION AND ACCESS
Materials specified Publisher description
Uniform Resource Identifier <a href="http://www.loc.gov/catdir/enhancements/fy0647/2001028067-d.html">http://www.loc.gov/catdir/enhancements/fy0647/2001028067-d.html</a>
942 ## - ADDED ENTRY ELEMENTS (KOHA)
Item type Book - Borrowing
Call number prefix 665.5G1996
Holdings
Withdrawn status Item status Damaged status Not for loan Home library Current library Shelving location Date acquired Source of acquisition Total Checkouts Total Renewals Full call number Barcode Date last seen Date last borrowed Koha item type
        Central Library Central Library First floor 07/02/2012 Purchase 3 10 665.5 GAR 000002019 15/07/2025 12/11/2018 Book - Borrowing